Southville International School and Colleges
Your cart is empty.
  • Cart
  • Lists
    Public lists Eva Luna New books Lux_list list_1
    Your lists Log in to create your own lists
  • Log in to your account
  • Your cookies
  • Search history
Southville International School and Colleges
  • Advanced search
  • Recent comments
  • Most popular
  • Libraries

Log in to your account

Log in with GOOGLE


If you do not have an external account, but do have a local account, you can still log in:

  1. Home
  2. MARC view: Visual C# .NET programming :
Normal view MARC view ISBD view

Visual C# .NET programming : (Record no. 300811)

[ view plain ]
MARC details
000 -LEADER
fixed length control field 00697nam a2200253Ia 4500
008 - FIXED-LENGTH DATA ELEMENTS--GENERAL INFORMATION
fixed length control field 160901s9999 xx 000 0 und d
020 ## - INTERNATIONAL STANDARD BOOK NUMBER
International Standard Book Number 978-981-4227-62-9
050 ## - LIBRARY OF CONGRESS CALL NUMBER
Classification number ComSc QA 76.73
050 ## - LIBRARY OF CONGRESS CALL NUMBER
Item number .C154D69 2007
100 ## - MAIN ENTRY--PERSONAL NAME
Personal name Doyle. Barbara.
245 ## - TITLE STATEMENT
Title Visual C# .NET programming :
245 ## - TITLE STATEMENT
Remainder of title from problem analysis to program design /
245 ## - TITLE STATEMENT
Statement of responsibility, etc Barbara Doyle.
260 ## - PUBLICATION, DISTRIBUTION, ETC. (IMPRINT)
Place of publication, distribution, etc Singapore :
260 ## - PUBLICATION, DISTRIBUTION, ETC. (IMPRINT)
Name of publisher, distributor, etc Thomson Learning Asia.,
260 ## - PUBLICATION, DISTRIBUTION, ETC. (IMPRINT)
Date of publication, distribution, etc 2007
300 ## - PHYSICAL DESCRIPTION
Extent 832 pages :
300 ## - PHYSICAL DESCRIPTION
Other physical details ill. ;
300 ## - PHYSICAL DESCRIPTION
Dimensions 24 cm.
500 ## - GENERAL NOTE
General note Includes index.
650 ## - SUBJECT ADDED ENTRY--TOPICAL TERM
Topical term or geographic name as entry element C# (Computer program language).
650 ## - SUBJECT ADDED ENTRY--TOPICAL TERM
Topical term or geographic name as entry element Object-oriented programming.
650 ## - SUBJECT ADDED ENTRY--TOPICAL TERM
General subdivision Internet programming.
Holdings
Withdrawn status Lost status Damaged status Home library Current library Shelving location Date acquired Cost, normal purchase price Total Checkouts Full call number Barcode Date last seen Price effective from Koha item type
      South Mansfield College South Mansfield College   05/26/2008 895.00   ComSc QA 76.73 .C154D69 2007 SMC05105 09/01/2016 09/01/2016  

Visual C# .NET programming :

APA

Doyle. Barbara, .Visual C# .NET programming. Singapore: .

Chicago

Doyle. Barbara, .Visual C# .NET programming. Singapore: .

Harvard

Doyle. Barbara, .Visual C# .NET programming. Singapore: .

MLA

Doyle. Barbara, .Singapore: . .

  • Place hold
  • Print
  • Cite
  • Add to your cart (remove)
  • Save record
    BIBTEX Dublin Core MARCXML MARC (non-Unicode/MARC-8) MARC (Unicode/UTF-8) MARC (Unicode/UTF-8, Standard) MODS (XML) RIS
  • More searches
    Search for this title in:
    Other Libraries (WorldCat) Other Databases (Google Scholar) Online Stores (Bookfinder.com) Open Library (openlibrary.org)

Exporting to Dublin Core...

SOUTHVILLE LIBRARY

Southville International School and Colleges Library

1281 Tropical Ave. Cor. Luxembourg St., BF Homes International, Las Pinas City

Tel. No. 8256374 / 252358 Loc. 117/146

Powered by Koha